Click the Fake U.S. Town - Statistics

General Stats
  • This quiz has been taken 17 times
  • The average score is 4 of 10
Answer Stats
Question Answer % Correct
California Clara Vista
63%
Indiana Cartersville
50%
Oregon Brownville
44%
Washington Columbia City
44%
Kansas Donner Prairie
44%
Alabama Lehigh City
44%
Maine Silent Hill
31%
South Dakota Wawahaha
31%
Alaska Bobo
25%
Vermont Sussex
6%
No matching quizzes found
Score Distribution
Percent of People with Each Score
Percentile by Number Answered
Your Score History
You have not taken this quiz